[Event "Kendrapara Umar Ali Memorial"]
[Site "Kendrapara"]
[Date "2017.12.26"]
[Round "4"]
[White "Samal, Kshirod"]
[Black "Das, Susobhit"]
[Result "0-1"]
[WhiteElo "1403"]
[BlackElo "1856"]
[PlyCount "50"]
[EventDate "2017.12.25"]
[EventType "swiss"]
[EventRounds "9"]
[EventCountry "IND"]
[SourceTitle "EXT 2019"]
[Source "ChessBase"]
[SourceDate "2018.10.10"]
[SourceVersion "1"]
[SourceVersionDate "2018.10.10"]
[SourceQuality "1"]

1. e4 c6 2. Nf3 d5 3. exd5 cxd5 4. d4 Nc6 5. Bb5 Nf6 6. Ne5 Qb6 7. Nc3 e6 8. 0-0 Be7 9. a3 0-0 10. b4 Nxb4 11. Rb1 Qc7 12. Qd2 Nc6 13. Bxc6 bxc6 14. Re1 Ba6 15. f3 c5 16. dxc5 Bxc5+ 17. Kh1 Bd6 18. Qe3 Rfc8 19. Bd2 Rab8 20. Rxb8 Rxb8 21. g4 Bxe5 22. Qxe5 Qxe5 23. Rxe5 Rb2 24. g5 Rxc2 25. Be1 Nd7 0-1